000 00346nam a2200145Ia 4500
008 191201s2005 xx 000 0 und d
082 _a621.4022
_bRAH
100 _aRAJAN, T V
245 0 _aHeat Transfer: Principles and Techniques
250 _aRep
260 _aN.Delhi
_bPHI
_c2005
300 _a459
650 _aB.Tech(ME)
942 _2ddc
_cBK
999 _c2201
_d2201